=LDR 00000nam 2200000 4500 =001 INLIS000000000006569 =005 20251111092444 =035 ##$$a 0010-1125000443 =007 ta =008 251111###########################0#ind## =082 ##$$a 363.9609598 =084 ##$$a 363.9609598 BIN p =100 #$$a Binsar Sihombibg =245 1#$$a Pengkajian Tren Daya Beli serta Selera Pemakai Jasa Pelayanan KB dan Arena Promosi Terpadu untuk Menopang Laju Gerakan KB Mandiri : $b - /$c Binsar Sihombibg ; Badan Koordinasi Keluarga Berencana Nasional =260 ##$:$b Badan Koordinasi Keluarga Berencana Nasional =300 ##$$a 13 hal : $b - ; $c 21 cm =650 #4$$a Keluarga Berencana =710 #$$a Badan Koordinasi Keluarga Berencana Nasional =856 ##$$a Perpustakaan Kemendukbangga